000 00262nam a2200109Ia 4500
008 231212s1973 xx 000 0 und d
041 _aeng
082 _a621.384
100 _aSmale P.H.
245 _aTelecommunication System
260 _aNew York
_bJohn Wi
_c1973
999 _c958375
_d958375